|
|
|
|
| LEADER |
00000cam a2200000 a 4500 |
| 001 |
vtls001418947 |
| 003 |
SK-MaSNL |
| 005 |
20260301012730.0 |
| 008 |
160415s2000 xo pa frp 00000 slo |
| 015 |
|
|
|a SNBA2002/02-00544
|
| 020 |
|
|
|a 8070996560
|
| 035 |
|
|
|a SNK000373754
|
| 040 |
|
|
|a SNK
|b slo
|c SNK
|e AACR2
|
| 041 |
0 |
|
|a slo
|
| 044 |
|
|
|a xo
|c SK
|
| 080 |
|
|
|a 621.3(075.4)
|2 1981
|
| 100 |
1 |
|
|a Maxim, Vladislav
|4 aut
|9 40694
|
| 245 |
1 |
|
|a Elektrotechnika
|c Vladislav Maxim, Vladimír Zvirinský, Vojtech Anna
|
| 260 |
|
|
|a Košice
|b Technická univerzita
|c 2000/2001
|
| 300 |
|
|
|a 76 s.
|b sch., tab.
|c 30 cm
|
| 500 |
|
|
|a Názov z obalu
|
| 500 |
|
|
|a 100 výt.
|
| 650 |
0 |
7 |
|a elektrotechnika
|2 SNKPH
|9 3619
|
| 655 |
|
7 |
|a učebnice vysokých škôl
|2 SNKPH
|9 70191
|
| 700 |
1 |
|
|a Zvirinský, Vladimír
|4 aut
|9 40683
|
| 700 |
1 |
|
|a Anna, Vojtech,
|d 1943-
|4 aut
|9 40679
|
| 919 |
|
|
|a 80-7099-656-0
|
| 958 |
|
|
|a TL
|
| 958 |
|
|
|a UV
|
| 958 |
|
|
|a OND
|
| 999 |
|
|
|c 554263
|d 556193
|
| 952 |
|
|
|t P60, <03>, [BOOK], {603}
|a SNK
|b SNK
|y PREZ
|7 0
|p 17A0312085
|o snkSB 63811
|i snkKSP 9931/2001
|0 0
|1 0
|4 0
|d 2001-08-22
|l 0
|r 2025-04-17 00:00:00
|w 2026-02-23
|
| 952 |
|
|
|t P60, <04>, [BOOK], {604}
|a SNK
|b SNK
|y VYP
|7 0
|p 17A0312086
|o snkSB 63811 D1
|i snkKSP 9932/2001
|0 0
|1 0
|4 0
|d 2001-08-22
|l 0
|r 2005-01-02 00:00:00
|w 2026-02-23
|